Sports Quiz

Random Sports or Baseball Quiz

MLB: Yearly Top 20 in RBI since 2000 Quiz Stats

 Plays Quiz not verified by Sporcle

Challenge
Share
Tweet
Embed
Score 0/284 Timer 12:00
2 Plays Today
Year Player % Correct
2000Alex Rodriguez
98.7%
2001Alex Rodriguez
98.7%
2002Alex Rodriguez
98.7%
2003Alex Rodriguez
98.7%
2005Alex Rodriguez
98.7%
2006Alex Rodriguez
98.7%
2007Alex Rodriguez
98.7%
2010Alex Rodriguez
98.7%
2004David Ortiz
97.7%
2005David Ortiz
97.7%
2006David Ortiz
97.7%
2007David Ortiz
97.7%
2010David Ortiz
97.7%
2001Albert Pujols
97.7%
2002Albert Pujols
97.7%
2003Albert Pujols
97.7%
2004Albert Pujols
97.7%
2005Albert Pujols
97.7%
2006Albert Pujols
97.7%
2008Albert Pujols
97.7%
2009Albert Pujols
97.7%
2010Albert Pujols
97.7%
2011Albert Pujols
97.7%
2000Manny Ramirez
97.4%
2001Manny Ramirez
97.4%
2004Manny Ramirez
97.4%
2005Manny Ramirez
97.4%
2008Manny Ramirez
97.4%
2009Hanley Ramirez
97.4%
2000Todd Helton
97.3%
2001Todd Helton
97.3%
2002Todd Helton
97.3%
2003Todd Helton
97.3%
2003Aramis Ramirez
97.3%
2006Aramis Ramirez
97.3%
2008Aramis Ramirez
97.3%
2006Ryan Howard
97.1%
2007Ryan Howard
97.1%
2008Ryan Howard
97.1%
2009Ryan Howard
97.1%
2010Ryan Howard
97.1%
2011Ryan Howard
97.1%
2013David Ortiz
96.9%
2012Miguel Cabrera
96.8%
2013Miguel Cabrera
96.7%
2008Adrian Gonzalez
96.7%
2011Adrian Gonzalez
96.7%
2010Carlos Gonzalez
96.6%
2001Luis Gonzalez
96.6%
2001Juan Gonzalez
96.6%
2012Albert Pujols
96.5%
2007Prince Fielder
96.2%
2009Prince Fielder
96.2%
2011Prince Fielder
96.2%
2004Miguel Cabrera
96.2%
2005Miguel Cabrera
96.2%
2006Miguel Cabrera
96.2%
2007Miguel Cabrera
96.2%
2008Miguel Cabrera
96.2%
2009Miguel Cabrera
96.2%
2010Miguel Cabrera
96.2%
2011Miguel Cabrera
96.2%
2000Sammy Sosa
96.1%
2001Sammy Sosa
96.1%
2002Sammy Sosa
96.1%
2003Chipper Jones
95.9%
2013Adam Jones
95.9%
2003Andruw Jones
95.8%
2005Andruw Jones
95.8%
2006Andruw Jones
95.8%
2012Adrian Gonzalez
95.7%
2012Aramis Ramirez
95.7%
2001Barry Bonds
95.5%
2002Barry Bonds
95.5%
2013Adrian Gonzalez
95.5%
2008Ryan Braun
94.4%
2009Ryan Braun
94.4%
2010Ryan Braun
94.4%
2011Ryan Braun
94.4%
2012Prince Fielder
93.9%
2000Edgar Martinez
93.9%
2001Edgar Martinez
93.9%
2004Victor Martinez
93.9%
2007Victor Martinez
93.9%
2009Victor Martinez
93.9%
2011Victor Martinez
93.9%
2013Prince Fielder
93.6%
2000Jeff Bagwell
93.4%
2001Jeff Bagwell
93.4%
2000Vladimir Guerrero
92.8%
2002Vladimir Guerrero
92.8%
2004Vladimir Guerrero
92.8%
2005Vladimir Guerrero
92.8%
2006Vladimir Guerrero
92.8%
2007Vladimir Guerrero
92.8%
Year Player % Correct
2010Vladimir Guerrero
92.8%
2012Ryan Braun
92.2%
2004Mark Teixeira
91.7%
2005Mark Teixeira
91.7%
2008Mark Teixeira
91.7%
2009Mark Teixeira
91.7%
2010Mark Teixeira
91.7%
2011Mark Teixeira
91.7%
2013Chris Davis
91.7%
2001Lance Berkman
91.5%
2002Lance Berkman
91.5%
2006Lance Berkman
91.5%
2008Lance Berkman
91.5%
2008Josh Hamilton
91.1%
2000Ken Griffey Jr.
91.1%
2011Matt Kemp
91%
2000Jason Giambi
91%
2001Jason Giambi
91%
2002Jason Giambi
91%
2003Jason Giambi
91%
2006Justin Morneau
91%
2007Justin Morneau
91%
2008Justin Morneau
91%
2010Jose Bautista
90.8%
2011Jose Bautista
90.8%
2000Carlos Delgado
90.7%
2002Carlos Delgado
90.7%
2003Carlos Delgado
90.7%
2005Carlos Delgado
90.7%
2006Carlos Delgado
90.7%
2008Carlos Delgado
90.7%
2000Frank Thomas
90.6%
2006Frank Thomas
90.6%
2004Paul Konerko
90.5%
2010Paul Konerko
90.5%
2011Paul Konerko
90.5%
2012Josh Hamilton
90.1%
2010Joey Votto
89.5%
2011Joey Votto
89.5%
2012Adrian Beltre
88.6%
2010Robinson Cano
88.6%
2011Robinson Cano
88.6%
2001Jim Thome
88.3%
2002Jim Thome
88.3%
2003Jim Thome
88.3%
2006Matt Holliday
88%
2007Matt Holliday
88%
2009Evan Longoria
88%
2009Matt Holliday
88%
2010Evan Longoria
88%
2010Matt Holliday
88%
2011Evan Longoria
88%
2006David Wright
87.7%
2007David Wright
87.7%
2008David Wright
87.7%
2010David Wright
87.7%
2012Carlos Beltran
87.5%
2004Adrian Beltre
87.4%
2010Adrian Beltre
87.4%
2011Adrian Beltre
87.4%
2006Carlos Beltran
86.7%
2007Carlos Beltran
86.7%
2008Carlos Beltran
86.7%
2001Larry Walker
86.3%
2002Miguel Tejada
86.1%
2004Miguel Tejada
86.1%
2003Miguel Tejada
86.1%
2003Carlos Lee
86%
2005Carlos Lee
86%
2006Carlos Lee
86%
2007Carlos Lee
86%
2005Derrek Lee
85.9%
2009Derrek Lee
85.9%
2012Matt Holliday
85.7%
2012Alfonso Soriano
85.5%
2013Matt Holliday
85%
2005Chase Utley
85%
2008Chase Utley
85%
2013Alfonso Soriano
84.8%
2000Jeff Kent
84.2%
2002Jeff Kent
84.2%
2004Jeff Kent
84.2%
2005Jeff Kent
84.2%
2011Curtis Granderson
83.8%
2013Robinson Cano
83.3%
2013Paul Goldschmidt
83.1%
2011Michael Young
82.1%
2010Delmon Young
82%
2007Carlos Pena
81.9%
2000Magglio Ordonez
81.3%
2002Magglio Ordonez
81.3%
2007Magglio Ordonez
81.3%
2013Edwin Encarnacion
80.9%
2012Edwin Encarnacion
80.5%
2011Troy Tulowitzki
80.4%
Year Player % Correct
2001Garret Anderson
79.3%
2002Garret Anderson
79.3%
2003Garret Anderson
79.3%
2013Mike Trout
78.7%
2005Alfonso Soriano
78.3%
2003Gary Sheffield
78.3%
2004Gary Sheffield
78.3%
2005Gary Sheffield
78.3%
2000Bernie Williams
78.1%
2007Adam Dunn
78%
2009Adam Dunn
78%
2010Adam Dunn
78%
2004Jim Edmonds
76.1%
2000Jermaine Dye
76.1%
2006Jermaine Dye
76.1%
2012Curtis Granderson
74.8%
2012Buster Posey
73.6%
2002Troy Glaus
73.5%
2009Ryan Zimmerman
73.4%
2001Richie Sexson
72.2%
2003Richie Sexson
72.2%
2005Richie Sexson
72.2%
2013Jay Bruce
71.4%
2004Travis Hafner
71.4%
2005Travis Hafner
71.4%
2006Travis Hafner
71.4%
2012Jay Bruce
71.3%
2001Bret Boone
71.1%
2003Bret Boone
71.1%
2009Jason Bay
70.9%
2003Vernon Wells
70.2%
2000Rafael Palmeiro
70.1%
2001Rafael Palmeiro
70.1%
2003Rafael Palmeiro
70.1%
2011Jacoby Ellsbury
70.1%
2000Mike Sweeney
70%
2002Scott Rolen
69.6%
2004Scott Rolen
69.6%
2013Freddie Freeman
69.2%
2012Hunter Pence
68.4%
2013Brandon Phillips
68.4%
2001Shawn Green
68.3%
2002Shawn Green
68.3%
2013Hunter Pence
68.2%
2008Kevin Youkilis
66.6%
2007Mike Lowell
63.6%
2007Torii Hunter
62.5%
2002Eric Chavez
61.9%
2009Bobby Abreu
61.1%
2000Brian Giles
60.7%
2004Vinny Castilla
60.4%
2002Pat Burrell
60.1%
2005Pat Burrell
60.1%
2012Chase Headley
59.4%
2003Hideki Matsui
58.7%
2004Hideki Matsui
58.7%
2005Hideki Matsui
58.7%
2002Nomar Garciaparra
58.4%
2009Andre Ethier
58.1%
2012Billy Butler
58%
2013Josh Donaldson
57.8%
2003Javy Lopez
56.6%
2000Richard Hidalgo
56.5%
2010Dan Uggla
56.1%
2000David Justice
55.7%
2008Melvin Mora
55.6%
2006Raul Ibanez
55.4%
2008Raul Ibanez
55.4%
2009Aaron Hill
53.9%
2010Corey Hart
53.6%
2007Nick Markakis
52.2%
2013Pedro Alvarez
52%
2009Adam Lind
50%
2000Preston Wilson
48.5%
2003Preston Wilson
48.5%
2012Adam LaRoche
47.6%
2003Aubrey Huff
47.4%
2008Aubrey Huff
47.4%
2001Phil Nevin
46.3%
2009Kendrys Morales
45.8%
2013Mark Trumbo
44.8%
2012Josh Willingham
44%
2006Garrett Atkins
38%
2007Garrett Atkins
38%
2011Josh Willingham
37%
2009Jason Kubel
36.1%
2008Ryan Ludwick
34.3%
2007Brad Hawpe
33.8%
2013Allen Craig
33.5%
2004Hank Blalock
30.9%
2004Tony Batista
30.6%
2010Casey McGehee
30.3%
2004Jeromy Burnitz
29.2%
2005Jorge Cantu
18.8%

You're not logged in!

Compare scores with friends on all Sporcle quizzes.
OR
Log In

You Might Also Like...

Show Comments

Extras

Top Quizzes Today


Score Distribution

Your Account Isn't Verified!

In order to create a playlist on Sporcle, you need to verify the email address you used during registration. Go to your Sporcle Settings to finish the process.

Report this User

Report this user for behavior that violates our Community Guidelines.

Details: